Statistics for Hong Kong A-Z

Click here to take the quiz!

General Stats

  • This quiz has been taken 5,295 times
  • The average score is 17 of 26

Answer Stats

Hint Answer % Correct
CCountry that has controlled Hong Kong since 1997China
98%
LFamous martial artist: Bruce ___Lee
96%
EOver 50% of Hong Kongers can speak this languageEnglish
96%
FHong Kong's "Avenue of Stars" is modeled on Hollywood's Walk of ____Fame
95%
JCountry that invaded Hong Kong in 1941Japan
95%
MFormer Portuguese territory located nearbyMacau
86%
AIf you started in Hong Kong and dug directly through the center of
the Earth, you would emerge in this country
Argentina
79%
DHong Kong's currencyDollar
78%
TEvery few years Hong Kong is struck by one of these stormsTyphoon
77%
QChinese dynasty that lost control of Hong Kong in 1841Qing
75%
NLo mein, for exampleNoodles
69%
BOn Lantau Island you will find a 100 foot tall statue of this personBuddha
63%
RIn 2018 and 2019, Hong Kong won the Asian championships of this sportRugby
59%
ZMonsters known as "Jiangshi" are a staple of Hong Kong cinema.
In English, we might know these creatures as ...
Zombies
58%
KPeninsula home to over 2 million peopleKowloon
56%
IHong Kong was the epicenter of H3N2 and H5N1 outbreaks of this virusInfluenza
56%
SIndustrial city on Hong Kong's northern borderShenzhen
56%
UIn 2014, hundreds of thousands of protesters carried theseUmbrellas
56%
OFamous hotel: The Mandarin ______Oriental
48%
PHong Kong is located near the delta of this riverPearl
47%
HWord most often used to describe the 1997 transfer of powerHandover
46%
VHighest point on Hong Kong Island: ______ PeakVictoria
45%
GHong Kong borders this Chinese province of 113 million peopleGuangdong
39%
WDirector of "Face/Off" and "Mission Impossible 2": John ___Woo
39%
XMajor port city about 500 km northeast of Hong KongXiamen
36%
YCantonese is a subset of this southern Chinese dialectYue
15%

Score Distribution

Percentile by Number Answered

Percent of People with Each Score

Your Score History

You have not taken this quiz